00385pab a2200133 454500008004000000100001900040245006800059260000900127300001500136362001100151650003500162650002000197773003400217180718b1997 xxu||||| |||| 00| 0 eng d aChowdhry, Prem aEnforcing cultural codes: gender and violence in Northern India c1997 ap.1019-028 a10 May aSocial problems - India, North aSocial problems aEconomic and Political Weekly